000 00818nam a2200265 i 4500
001 C2-0236484
003 PPAK
005 20180727200249.0
008 011008s2000 njua|||| ||||| | eng d
020 _a0735200327
040 _aPPAK
_beng
_cPPAK
_erda
082 0 4 _a649.122
_223
090 0 0 _a649.122
_bLUD
_dR
100 1 _aLudman-Exley, Sharon,
_eauthor
245 1 4 _aThe best of everything for your baby
264 1 _aParamus, New Jersey :
_bPrentice Hall ,
_c2000
300 _axvii, 334 pages :
_billustrations ;
_c23 cm
336 _2rdacontent
_atext
337 _2rdamedia
_aunmediated
338 _2rdacarrier
_avolume
500 _aIncludes bibliographical references and index
650 1 0 _aInfants (Newborn) - Care ; Infants - Care ; Infants - Development
700 _eauthor
942 _ddc
_cB
999 _c52291
_d52291